000 00218nam a2200097Ia 4500
008 190216s9999||||xx |||||||||||||| ||und||
100 _aAyyaneth
245 0 _aHawwayude Puthrimar
260 _bCurrent Books
942 _cBK
999 _c23557
_d23557